Do hutní expedice proniká digitalizace

Automatizácia a digitalizácia nielen vo výrobných procesoch, ale aj v logistike. Nové technológie v hutníckom závode Liberty Ostrava. Aplikácia pre organizáciu kamiónovej dopravy. Zlepšenie sledovania, merania a riadenia procesov, ktoré ovplyvňujú procesy v expedičných skladoch a v kamiónovej doprav...

Descrizione completa

Salvato in:
Dettagli Bibliografici
Autore principale: Gračková, Ivana
Natura: Capitolo di libro
Lingua:ceco
Soggetti:
Tags: Aggiungi Tag
Nessun Tag, puoi essere il primo ad aggiungerne!!

MARC

LEADER 00000naa a2200000 4500
001 0259944
005 20191127100817.2
041 0 |a cze 
044 |a CZ 
245 1 0 |a Do hutní expedice proniká digitalizace  |c Ivana Gračková 
520 |a Automatizácia a digitalizácia nielen vo výrobných procesoch, ale aj v logistike. Nové technológie v hutníckom závode Liberty Ostrava. Aplikácia pre organizáciu kamiónovej dopravy. Zlepšenie sledovania, merania a riadenia procesov, ktoré ovplyvňujú procesy v expedičných skladoch a v kamiónovej doprave. Automatický váhový systém. Lokačný systém pre zrýchlenie nakládky. 
610 2 0 |a logistika 
610 2 0 |a preprava 
610 2 0 |a doprava cestná nákladná 
610 2 0 |a procesy podnikové 
610 2 0 |a automatizácia 
610 2 0 |a digitalizácia 
610 2 0 |a hutníctvo 
610 2 0 |a Česko 
100 1 |a Gračková, Ivana